000
00307nam a2200133 a 4500
008
090930s |||| d
100
1
_a
Andruška, P.
245
1
0
_a
Dvaja zo strieborného lesa
260
_b
Mladé letá
_a
Bratislava
020
_c
21
041
_a
slo
044
_a
xo
_c
SK
080
_a
885.4-32-93
999
_c
24
_d
24